5HLuxD.jpg

KING HENRY VIII SENIOR AND PRIMARY SCHOOL LIBRARY OPAC

This world we live in / (Record no. 502)

000 -LEADER
fixed length control field 01184cam a2200325 a 4500
001 - CONTROL NUMBER
control field 15833750
003 - CONTROL NUMBER IDENTIFIER
control field OSt
005 - DATE AND TIME OF LATEST TRANSACTION
control field 20190819084143.0
008 - FIXED-LENGTH DATA ELEMENTS--GENERAL INFORMATION
fixed length control field 090724s2010 mau j 000 1 eng
010 ## - LIBRARY OF CONGRESS CONTROL NUMBER
LC control number 2009026939
020 ## - INTERNATIONAL STANDARD BOOK NUMBER
International Standard Book Number 9780547550282
040 ## - CATALOGING SOURCE
Original cataloging agency DLC
Transcribing agency DLC
Modifying agency DLC
042 ## - AUTHENTICATION CODE
Authentication code lcac
082 00 - DEWEY DECIMAL CLASSIFICATION NUMBER
Classification number FIC PFE
Edition number 22
100 1# - MAIN ENTRY--PERSONAL NAME
Personal name Pfeffer, Susan Beth,
Dates associated with a name 1948-
Relator term author
245 10 - TITLE STATEMENT
Title This world we live in /
Statement of responsibility, etc. Susan Beth Pfeffer.
260 ## - PUBLICATION, DISTRIBUTION, ETC.
Place of publication, distribution, etc. Boston :
Name of publisher, distributor, etc. Harcourt,
Date of publication, distribution, etc. c2015.
300 ## - PHYSICAL DESCRIPTION
Extent 239 p. ;
Dimensions 18 cm.
440 ## - SERIES STATEMENT/ADDED ENTRY--TITLE
Title Life as we knew it,
Number of part/section of a work 3;
490 ## - SERIES STATEMENT
Series statement Last survivors,
Volume/sequential designation 3
500 ## - GENERAL NOTE
General note Includes discussion questions.
520 ## - SUMMARY, ETC.
Summary, etc. When the moon's gravitational pull increases, causing massive natural disasters on earth, Miranda and her family struggle to survive in a world without cities or sunlight, and wonder if anyone else in still alive.
650 #1 - SUBJECT ADDED ENTRY--TOPICAL TERM
Topical term or geographic name entry element Survival
Form subdivision Fiction.
650 #1 - SUBJECT ADDED ENTRY--TOPICAL TERM
Topical term or geographic name entry element Family life
Form subdivision Fiction.
650 #1 - SUBJECT ADDED ENTRY--TOPICAL TERM
Topical term or geographic name entry element Diaries
Form subdivision Fiction.
650 #1 - SUBJECT ADDED ENTRY--TOPICAL TERM
Topical term or geographic name entry element Science fiction.
906 ## - LOCAL DATA ELEMENT F, LDF (RLIN)
a 7
b cbc
c orignew
d 1
e ecip
f 20
g y-gencatlg
942 ## - ADDED ENTRY ELEMENTS (KOHA)
Source of classification or shelving scheme
Koha item type Books - Fiction
Holdings
Withdrawn status Lost status Source of classification or shelving scheme Damaged status Not for loan Collection code Permanent Location Current Location Shelving location Date acquired Total Checkouts Full call number Barcode Date last seen Date last checked out Price effective from Koha item type
          Fiction KH8 Senior School Library KH8 Senior School Library Fiction 2019-08-19 4 FIC PFE 3KHSL000101213 2025-02-13 2024-09-12 2019-08-19 Books - Fiction

Powered By KH8 IT Dept